150 suosituinta naisten nimeä alkukirjaimella I - Statistics

Yleistilastot
  • Tätä visaa on pelattu 143 kertaa
  • Keskiarvotulos 54 / 150
Vastaustilastot
% Oikein
Iina
96%
Ina
96%
Ida
95%
Iida
95%
Iisa
94%
Isa
94%
Iiri
92%
Inna
92%
Iri
92%
Ilo
89%
Inca
88%
Inka
88%
Irma
87%
Ilma
86%
Ilona
86%
Iiris
85%
Iris
85%
Iira
83%
Ira
83%
Irja
83%
Irmeli
82%
Iita
79%
Irina
77%
Iryna
77%
Iines
76%
Ines
76%
Inès
76%
Inez
76%
Ireene
76%
Irene
76%
Iréne
76%
Inke
75%
Inkeri
75%
Impi
73%
Ilta
71%
Isla
71%
Ia
63%
Iia
63%
Iija
63%
Ija
63%
Ilmi
63%
Isabel
63%
Isabell
63%
Isabelle
63%
Izabel
63%
Izabelle
63%
Isabela
62%
Isabella
62%
Izabela
62%
Izabella
62%
Inga
60%
Immi
57%
Ida-Maria
54%
Iida-Maria
54%
Ila
54%
Iva
54%
Inge
51%
Inari
50%
Iitu
44%
Ilse
44%
Inni
43%
Ingrid
40%
Inger
39%
Iro
37%
Ivana
36%
Ivanna
36%
Ilana
31%
Irena
30%
Ivanka
29%
Ida-Sofia
25%
Iida-Sofia
25%
Iimaan
25%
Imaan
25%
Iman
25%
Imane
25%
Ilsa
23%
Indi
19%
Inessa
19%
Iana
18%
Iivi
17%
Isadora
17%
Ivi
17%
Iinu
15%
Iona
15%
Ivy
15%
Imelda
14%
Ingeborg
14%
Ieva
13%
Iza
13%
India
12%
Ingela
12%
Ioulia
12%
Ippa
12%
Irmelin
12%
Isra
12%
Israa
12%
Iuliia
12%
Iliana
11%
Ingegärd
11%
Ingegerd
11%
Irkka
11%
Indira
10%
Indra
10%
Inga-Lill
10%
Ingalill
10%
Isolde
10%
Ilda
8%
Irini
8%
Ifrah
7%
Iria
7%
Isela
7%
Isella
7%
Ikra
5%
Ilhaan
5%
Ilham
5%
Ilhan
5%
Ingemo
5%
Inge-Maj
4%
Idil
2%
Idun
2%
Indigo
2%
Irinja
2%
Illusia
1%
Inara
1%
Inas
1%
Ingvor
1%
Ioana
1%
Ioanna
1%
Irem
1%
Iselin
1%
Ibadete
0%
Ibtisam
0%
Ikhlaas
0%
Ikhlas
0%
Ikraam
0%
Ikraan
0%
Ikram
0%
Ikran
0%
Ilaf
0%
Ilayda
0%
Ildikó
0%
Inaaya
0%
Inaya
0%
Intisar
0%
Iqlaas
0%
Iqra
0%
Iraida
0%
Isatou
0%
Ismahan
0%
Istar
0%
Ehtoja vastaavia visoja ei löytynyt
Tulosjakauma
Jokaisen tuloksen saaneiden osuus
Persentiili vastausten määrän mukaan
Tuloshistoriasi
Et ole pelannut tätä visaa